000 00515nam a2200217Ia 4500
008 210210b1968 xxu||||| |||| 00| 0 eng d
041 _aeng
082 _a822/1356
100 _aNARAYAN (Shriman)
245 _aSelected works of Mahatma Gandhi Vol.III
260 _aAhmedabad
_bNavajivan publishing house
_c1968
440 _aIII
650 _aworks
650 _aVol.III
650 _aSelected
650 _aof
650 _aMahatma
650 _aGandhi
690 _aEnglish Prose
906 _a013537
999 _c132418
_d132418